Prénoms Québécois les plus courants - Statistiques

Statistiques générales
  • Ce quiz a été pris 81 fois
  • Le résultat moyen est 2 sur 15
Statistiques - réponses
Genre Prénoms % Correct
F Léa
41%
H William
29%
H Olivier
27%
F Florence
25%
F Alice
21%
H Alexis
18%
H Samuel
14%
F Jade
13%
H Guillaume
11%
H Étienne
9%
H Benoît
7%
F Noémie
7%
F Mya
5%
F Ariane
2%
F Marianne
0%
Aucun quiz correspondant
Distribution des résultats
% des personnes avec chaque résultat
Percentile par nombre de réponses
Votre historique - résultats
Vous n’avez pas pris ce quiz